Informe final del Ejercicio Profesional Supervisado, realizado en la Municipalidad de Panzos ubicada en el municipio de Panzos, Alta Verapaz/ (Registro nro. 1143)

Detalles MARC
000 -LEADER
campo de control de longitud fija 03135nam a22003257i 4500
001 - NÚMERO DE CONTROL
campo de control TCPA 96
003 - IDENTIFICADOR DE NÚMERO DE CONTROL
campo de control gtcocun
005 - FECHA Y HORA DE LA ÚLTIMA TRANSACCIÓN
campo de control 20250816222513.0
006 - CÓDIGOS DE INFORMACIÓN DE LONGITUD FIJA--CARACTERÍSTICAS DEL MATERIAL ADICIONAL
campo de control de longitud fija a||||gr|||| 00| 0
007 - CAMPO FIJO DE DESCRIPCIÓN FÍSICA--INFORMACIÓN GENERAL
campo de control de longitud fija ta
008 - DATOS DE LONGITUD FIJA--INFORMACIÓN GENERAL
campo de control de longitud fija 250816b2021 gt ||||| m||| 00| 0 eng d
040 ## - FUENTE DE CATALOGACIÓN
Centro catalogador/agencia de origen gtcocun
Lengua de catalogación SPA
Centro/agencia transcriptor gtcocun
Normas de descripción RDA
041 ## - CÓDIGO DE IDIOMA
Código de lengua del texto/banda sonora o título independiente SPA
084 ## - OTRO NÚMERO DE CLASIFICACIÓN
Número de control del registro de autoridad o número normalizado TCPA 96
100 ## - ENTRADA PRINCIPAL--NOMBRE DE PERSONA
Nombre de persona Bol Ac, Swindell Henderson
Término indicativo de función/relación Autor
245 ## - MENCIÓN DEL TÍTULO
Título Informe final del Ejercicio Profesional Supervisado, realizado en la Municipalidad de Panzos ubicada en el municipio de Panzos, Alta Verapaz/
Mención de responsabilidad, etc. Swindell Henderson Bol Ac
Medio Impreso
264 ## - PRODUCCIÓN, PUBLICACIÓN, DISTRIBUCIÓN, FABRICACIÓN Y COPYRIGHT
Producción, publicación, distribución, fabricación y copyright Cobán, Alta Verapaz:
Nombre del de productor, editor, distribuidor, fabricante Universidad de San Carlos de Guatemala, Centro Universitario del Norte, Licenciatura en Contaduría Pública y Auditoría.
Fecha de producción, publicación, distribución, fabricación o copyright 2021
300 ## - DESCRIPCIÓN FÍSICA
Extensión 63 p:
Otras características físicas Ilustraciones, gráficas.
Dimensiones 28 cm; PDF
336 ## - TIPO DE CONTENIDO
Fuente rdacontenido
Término de tipo de contenido Texto
Código de tipo de contenido txt
337 ## - TIPO DE MEDIO
Fuente rdamedio
Nombre/término del tipo de medio Computadora
Código del tipo de medio n
338 ## - TIPO DE SOPORTE
Fuente rdasoporte
Nombre/término del tipo de soporte Código en línea
Código del tipo de soporte cr
502 ## - NOTA DE TESIS
identificador de la tesis .
502 ## - NOTA DE TESIS
Nota de tesis Tesis de grado
Tipo de título Licenciatura en Contaduría Pública y Auditoría.
Nombre de la institución que otorga el título Universidad de San Carlos de Guatemala, Centro Universitario del Norte, Licenciatura en Contaduría Pública y Auditoría.
Año de obtención del título 2021
Identificador de la tesis TCPA 96
520 14 - RESUMEN, ETC.
Sumario, etc. La presentación del informe de graduación muestra el resultado de cada actividad<br/>desarrollada en la municipalidad de Panzós, Alta Verapaz, consistiendo en tres fases<br/>durante el ejercicio profesional supervisado, con el propósito de contribuir a una<br/>implementación adecuada de los controles y procesos llevados a cabo en el área financiera<br/>para la entidad, asimismo llevar a la práctica los conocimientos adquiridos en el proceso<br/>de formación académica.<br/><br/>Durante la fase de diagnóstico se aplicaron diferentes herramientas de evaluación, siendo<br/>estas: entrevistas, guía de observación, listas de cotejo y cuestionarios para recabar<br/>información suficiente y veraz para identificar la problemática y posterior aplicación de la<br/>ejecución de cada actividad, de acuerdo al planteamiento hecho a la comuna con las<br/>respectivas de soluciones.<br/><br/>De las problemáticas detectadas, pueden mencionarse la inconsistencia en conciliación y<br/>saldos bancarios, registro contable del rubro de caja y bancos, incumplimiento de traslado<br/>de retenciones a las entidades correspondientes, e inconsistencia del inventario con libro<br/>mayor de propiedad planta y equipo. Por lo anterior se procedió al desarrollo de las<br/>siguientes actividades: auditoría al rubro de caja y bancos, auditoría especial a la cuenta<br/>rentas consignadas y la actualización de inventario de activos fijos, que obtuvo como<br/>resultado reflejar los saldos reales en los estados financieros y el fortalecimiento del control<br/>interno en relación a los procesos contables que se desconocían en la entidad.
650 14 - PUNTO DE ACCESO ADICIONAL DE MATERIA--TÉRMINO DE MATERIA
Fuente del encabezamiento o término LEMB
Término de materia o nombre geográfico como elemento de entrada Panzos, Alta Verapaz
Subdivisión general Evaluar
-- examinar
-- establecer
-- sintetizar.
-- determinar
-- actualizar
700 ## - ENTRADA AGREGADA--NOMBRE PERSONAL
Nombre de persona Lic. Miguel Arnoldo Chen Ac
Término indicativo de función/relación Asesor
856 ## - LOCALIZACIÓN Y ACCESO ELECTRÓNICOS
Identificador Uniforme de Recurso <a href="https://drive.google.com/file/d/1cDzgQJjybldgqV78k7GsOGKD-4eO3LNB/view?usp=sharing">https://drive.google.com/file/d/1cDzgQJjybldgqV78k7GsOGKD-4eO3LNB/view?usp=sharing</a>
Texto de enlace PDF
Nota pública Un ejemplar en línea.
942 ## - ELEMENTOS DE ENTRADA SECUNDARIOS (KOHA)
Fuente de la clasificación o esquema de estantería Clasificación Decimal Dewey
Tipo de ítem Koha TESIS
Parte de la signatura que identifica el ejemplar (Parte del ítem) TCPA_96
Prefijo de la signatura Clasificación
Suprimir en OPAC No
-- TCPA__96
Existencias
Estatus retirado Estado de pérdida Fuente de la clasificación o esquema de estantería Estado de daño No para préstamo Colección Biblioteca de origen Biblioteca actual Ubicación en estantería Fecha de adquisición Número de inventario Total de préstamos Signatura topográfica completa Código de barras Visto por última vez Precio de reemplazo Tipo de ítem Koha
    Clasificación Decimal Dewey     tesis BIBLIOTECA- CUNOR -JOSÉ LUIS GONZALES ROSALES BIBLIOTECA- CUNOR -JOSÉ LUIS GONZALES ROSALES Colección tesis 16/08/2025 TCPA 096   TCPA 096 TCPA 096 16/08/2025 16/08/2025 TESIS